Loading...
| Literature - European Literature | 5 | 1 | 3 | 0 | 70 | 34 | 63.50 | 5 | 6 |
| Literature - World Literature | 1 | 5 | 1 | 1 | 60 | 60 | 101.33 | 5 | 6 |
| Literature - British Literature | 1 | 5 | 1 | 0 | 60 | 28 | 94.17 | 3 | 6 |
| Literature - American Literature | 1 | 5 | 2 | 0 | 55 | 51 | 88.17 | 2 | 6 |
| Beliefs | 0 | 5 | 1 | 0 | 45 | 78 | 110.40 | 2 | 4 |
| Science - Other Science | 1 | 3 | 1 | 0 | 40 | 33 | 79.75 | 3 | 4 |
| Social Science | 1 | 2 | 0 | 1 | 35 | 55 | 88.67 | 1 | 3 |
| Fine Arts - Other Arts | 1 | 3 | 3 | 0 | 30 | 48 | 108.75 | 1 | 4 |
| History - American History | 1 | 1 | 0 | 0 | 25 | 27 | 74.00 | 1 | 1 |
| Auditory Arts | 0 | 3 | 2 | 1 | 20 | 75 | 108.67 | 1 | 3 |
| Science - Biology | 0 | 1 | 0 | 0 | 10 | 75 | 75.00 | 0 | 0 |
| Science - Chemistry | 0 | 1 | 0 | 0 | 10 | 100 | 100.00 | 0 | 1 |
| Philosophy | 0 | 1 | 0 | 0 | 10 | 133 | 133.00 | 0 | 0 |
| History - Other History | 0 | 1 | 0 | 0 | 10 | 98 | 98.00 | 0 | 1 |
| History - World History | 0 | 1 | 0 | 0 | 10 | 109 | 109.00 | 0 | 0 |
| Science - Physics | 0 | 1 | 0 | 0 | 10 | 123 | 123.00 | 0 | 1 |
| Current Events | 0 | 0 | 0 | 0 | 0 | 0.00 | 0 | 0 | |
| History - European History | 0 | 0 | 1 | 0 | -5 | 0.00 | 0 | 0 |